La configuración literaria de la revolución cubana: De la mitificación a la desmitificación
محفوظ في:
| المؤلف الرئيسي: | |
|---|---|
| التنسيق: | كتاب |
| اللغة: | Undetermined |
| منشور في: |
Madrid, España
Editorial Betania
2004
|
| الموضوعات: | |
| الوسوم: |
إضافة وسم
لا توجد وسوم, كن أول من يضع وسما على هذه التسجيلة!
|
MARC
| LEADER | 00000nam a2200000Ia 4500 | ||
|---|---|---|---|
| 008 | 170316s9999 xx 000 0 und d | ||
| 090 | |a 801 Y-5c | ||
| 100 | |a Yulzarí, Emilia | ||
| 245 | |a La configuración literaria de la revolución cubana: De la mitificación a la desmitificación | ||
| 260 | |a Madrid, España | ||
| 260 | |b Editorial Betania | ||
| 260 | |c 2004 | ||
| 300 | |a 169 páginas | ||
| 650 | |a TEORÍA LITERARIA | ||
| 650 | |a REVOLUCIÓN CUBANA | ||
| 650 | |a EL METALENGUAJE REVOLUCIONARIO | ||
| 650 | |a IDEOLOGÍA | ||
| 650 | |a PROCEDIMIENTOS LITERARIOS | ||
| 999 | |c 20769 |d 20769 | ||
| 040 | |a cru BVZT | ||
| 942 | |c 15 D |h 801 Y-5c |2 z | ||
